|
|
|
|
| LEADER |
00000cam a2200000 a 4500 |
| 001 |
vtls001112663 |
| 003 |
SK-MaSNL |
| 005 |
20260426000922.0 |
| 008 |
250313s1978 xo oab e np 000 0 slo |
| 015 |
|
|
|a SNBA1978
|
| 020 |
|
|
|q (brož.)
|
| 035 |
|
|
|a SNK000055506
|
| 035 |
|
|
|a urn:nbn:sk:snk-amld5a
|
| 035 |
|
|
|a urn:nbn:sk:snk-am0090kk
|
| 035 |
|
|
|a B0E04DCA-0B14-4C6E-9066-B1B05865FAD2
|
| 040 |
|
|
|a SNK
|b slo
|c SNK
|e AACR2
|
| 041 |
0 |
|
|a slo
|a eng
|
| 044 |
|
|
|a xo
|c SK
|
| 080 |
|
|
|a 802.0:634.0(075.8)=20
|2 1981
|
| 080 |
|
|
|a 634.0(075.8)=20
|2 1981
|
| 100 |
1 |
|
|a Šepetková, Miriam
|4 aut
|9 278907
|
| 245 |
1 |
0 |
|a Učebné texty z jazyka anglického pre poslucháčov drevárskeho a lesného inžinierstva
|c Miriam Šepetková
|
| 250 |
|
|
|a 2. vyd.
|
| 260 |
|
|
|a Zvolen
|b VŠLD
|c 1978
|
| 300 |
|
|
|a 261 s.
|b mp., sch., tab.
|c 29 cm
|
| 366 |
|
|
|e 300 výt.
|
| 500 |
|
|
|a Angl.-slov. slovník
|
| 504 |
|
|
|a Bibliogr. odkazy
|
| 650 |
0 |
7 |
|a angličtina
|2 SNKPH
|9 1260
|
| 655 |
|
7 |
|a učebnice vysokých škôl
|2 SNKPH
|9 70191
|
| 700 |
1 |
|
|a Šepetková, Mária
|4 aut
|9 566791
|
| 852 |
|
|
|a Slovenská národná knižnica
|
| 954 |
|
|
|a odborná, vedecká literatúra pôvodná (slovenská)
|2 lita
|
| 958 |
|
|
|a OND
|
| 958 |
|
|
|a NB
|
| 958 |
|
|
|a RM
|
| 958 |
|
|
|a UV
|
| 999 |
|
|
|c 869166
|d 871096
|
| 952 |
|
|
|a SNK
|b SNK
|y PREZ
|7 0
|p 17A0968644
|o snkSB 26736
|i snkKSP 3987/78
|0 0
|1 0
|4 0
|d 2014-07-09
|f 1
|l 0
|r 2026-02-24 05:37:22
|w 2026-02-24
|